000 01421cam a2200217 4500
001 ABS63282
008 000000n2000 000 0 eng u
035 _a(Sirsi) u110252
100 _aMorley, S
245 4 _aThe future for leisure property in the UK
260 _c2000
490 _aJournal of Leisure Property
_v1(1) December 2000, 18-26(9)
520 _aExamines the state of the leisure property industry, showing how it has changed in people's perception from a rather minor, specialist industry and somewhat ignored to a distinct but varied mainstream property sector in its own right. In the 1990s the sector experienced a strong expenditure growth and there is major representation by multiple occupiers in each sub-sector willing to take on long traditional institutional-type leases. This has stimulated institutional investment and helped cause a development boom - in town centres to service eating and drinking and in out of centre multi-use leisure parks. Considers briefly the main drivers for change and the implications for the property market. This paper is an edited version of a document produced for the RICS Research Foundation and published as part of "2020: Visions of the Future". References.
590 _aABS
650 _aLEISURE DEVELOPMENT
650 _aLEISURE INVESTMENT
650 _aLEISURE MARKET
690 _aLEISURE AND RECREATION
700 _aEvans, C
942 _n0
999 _c65746
_d65746